01471 a2200169 45000010006000000050017000060080041000230030015000640400040000790800057001192450066001762640030002423000019002725050973002911000018012647000019012823644220260407155639.0260407a arg spa d AR-UNSa-BCEJYS aAR-UNSa-BCEJYSbspacAR-UNSa-BCEJYS a658.5xPlanificación y control de la producción 10aPlaneamiento y control de producciónpla gerencia operativa 1aBuenos Aires :bEl Ateneo a355 p.c20 cm. a1. Teoría del control - 2. La cooperación hombre-maquina en los problemas de planeamiento y control - 3. Sumario del suavizamiento exponencial - 4. Matemáticas para la programación de la producción - 5. Estudio de una fabrica textil con la ayuda de una programación lineal - 6. Revisión de la programación de talleres - 7. Simulación de un taller simplificado - 8. El control de la producción en los pequeños talleres - 9. El estudio de la teoría del inventario - 10. La combinación de diferentes técnicas de investigación en el análisis del sistema logísticos - 11. Asignación de recursos en modelos de redes de proyectos - 12. La función de progreso de la fabricación - 13. Problemas humanos con los presupuestos - 14. Algunos determinantes motivacionales del rendimiento en la tarea - 15. El estilo de supervisión y la productividad, reseña y teoría - 16. El papel de la compensación financiera en la motivación.1 aMuth, John F.1 aGroff, Gene K.